Materiales de apoyo para la capacitación docente : egb caracterización de los capítulos de los cbc

Guardado en:
Formato: Libro
Publicado: Buenos Aires : Direción General de Investigación y Desarrollo Educativo, 1997
Materias:
Etiquetas: Agregar Etiqueta
Sin Etiquetas, Sea el primero en etiquetar este registro!
LEADER 00906nam a22002055a 4500
001 CEM.cems009916
005 20080702102133.0
008 130507s1997##################000#0#####d
003 CEMS
082 0 4 |a 370.7 
245 0 0 |a Materiales de apoyo para la capacitación docente :  |b egb caracterización de los capítulos de los cbc 
260 |a Buenos Aires :  |b Direción General de Investigación y Desarrollo Educativo,  |c 1997 
300 |a 396 p. 
500 |a Contenidos Básicos Comunes para la Educación General Básica 
505 0 |a Lengua -- Matemática -- Ciencias naturales -- Ciencias sociales -- Tecnología 
653 |a Contenidos básicos comunes-egb 
653 |a Capacitación docente 
859 |a CEMS  |b BIB. CEMS - 11 de abril  |h 370.7  |i Ar37-3  |p 20152.98  |t Ej.1 
859 |a CEMS  |b BIB. CEMS - 11 de abril  |h 370.7  |i Ar37-3  |p 20153.98  |t Ej.2 
859 |a CEMS  |b BIB. CEMS - 11 de abril  |h 370.7  |i Ar37-3  |p 22846.05  |t Ej.3